| 000 | 00842nam a2200277Ia 4500 | ||
|---|---|---|---|
| 003 | OSt | ||
| 005 | 20220924121026.0 | ||
| 006 | a|||||r|||| 00| 0 | ||
| 007 | ta | ||
| 008 | 220923b |||||||| |||| 00| 0 san d | ||
| 020 | _a8186700765 (hbk) | ||
| 020 | _c250 | ||
| 024 | _a235748 | ||
| 037 |
_b1507, 15/10/2007, Vidyanidhi Prakashan _cTextual |
||
| 040 |
_aARTS _cARTS _bsan |
||
| 041 |
_2san _asan |
||
| 082 | _aO15,3M50:g, P7 | ||
| 100 |
_aAnandram _9184014 |
||
| 245 | 0 | _aKatantra dhatu vratisaar | |
| 260 |
_aDelhi _bVidhyanidhi Prakashan India _c2007 |
||
| 300 |
_axiii,155p. _ccm. |
||
| 650 | _aSANSKRIT LITERATURE | ||
| 700 |
_a Bhardwaj Ramesh Tr. _9184015 |
||
| 942 |
_hO15,3M50:g, P7 _cTEXL _2CC |
||
| 999 |
_c405474 _d405474 |
||